banner-ar

بلدان الشرق الاوسط والخليج العربى / (Record no. 33040)

MARC details
000 -الفاتح
حقل البيانات ثابتة الطول 00690nam a2200217Ia 4500
008 - عناصر البيانات ثابتة الطول - معلومات عامة
حقل البيانات ثابتة الطول 140319s9999 xx 000 0 ara d
040 ## - مصدر الفهرسة
وكالة الفهرسة الأصلية GCL /
وكالة النسخ GCL
082 04 - رقم تصنيف ديوى العشرى
رقم التصنيف 910.3
رقم المادة س ب
100 1# - المدخل الرئيسى - إسم شخصى
الإسم الشخصى سوفنير بوك هاوس
245 10 - بيان العنوان
العنوان بلدان الشرق الاوسط والخليج العربى /
بيان المسئوليه,etc سوفنير بوك هاوس
300 ## - الوصف المادى
التعداد 103 ص
490 ## - بيان السلسلة
عنوان السلسلة موسوعة عالم البلدان (1)
رقم المجلد/ التعيين التسلسلي 0
650 04 - المدخل الاضافى بالموضوع-مصطلح موضوعى
مصطلح موضوعي الشرق الاوسط
650 04 - المدخل الاضافى بالموضوع-مصطلح موضوعى
مصطلح موضوعي الخليج العربى
650 04 - المدخل الاضافى بالموضوع-مصطلح موضوعى
مصطلح موضوعي الجغرافيا
650 04 - المدخل الاضافى بالموضوع-مصطلح موضوعى
مصطلح موضوعي السكان
650 04 - المدخل الاضافى بالموضوع-مصطلح موضوعى
مصطلح موضوعي تقاويم البلدان
942 ## - عناصر المدخل الإضافي( كوها)
مصدر التصنيف او مخطط الترفيف Dewey Decimal Classification
Koha [default] item type كتاب
260 ## - PUBLICATION, DISTRIBUTION, ETC. (IMPRINT)
-- [S.N] :
-- سوفنير بوك هاوس
Holdings
حالة التراجع حالة الفقد حالة تلف ليس للاعارة المكان المؤقت الموقع الحالى تاريخ الاكتساب اجمالي اﻻعارات رقم الطلب الباركود تاريخ اخر مشاهدة تاريخ تفعيل السعر نوع وعاء كوها
        مكتبة القاهرة الكبرى مكتبة القاهرة الكبرى 03/26/2014   910.3\س ب 78378 03/26/2014 03/26/2014 كتاب

Powered By

EGPV